000 00355nam a2200121Ia 4500
008 220216s9999 xx 000 0 und d
100 _aMalhotra Rhenu
245 0 _aMarket outlook : Shake-up period for Malaysian rubber glove industry
260 _bRubber International Magazine
_c2001
300 _a31-34
650 _aRubber glove industry
942 _cJS
999 _c62586
_d62586